Kenya counties map (Record no. 15308)

MARC details
000 -LEADER
fixed length control field 00736cem a22002411 4500
001 - CONTROL NUMBER
control field 0000025262
005 - DATE AND TIME OF LATEST TRANSACTION
control field 20151217161204.0
007 - PHYSICAL DESCRIPTION FIXED FIELD--GENERAL INFORMATION
fixed length control field aj cauun
008 - FIXED-LENGTH DATA ELEMENTS--GENERAL INFORMATION
fixed length control field 150415s xx a 0 eng d
034 0# - CODED CARTOGRAPHIC MATHEMATICAL DATA
Category of scale a
040 ## - CATALOGING SOURCE
Original cataloging agency KABU
Transcribing agency KABU
110 2# - MAIN ENTRY--CORPORATE NAME
Corporate name or jurisdiction name as entry element MAPgraphics.
-- 0000169583
245 10 - TITLE STATEMENT
Title Kenya counties map
Medium [map] /
Statement of responsibility, etc. drawn by MAPgraphics.
255 ## - CARTOGRAPHIC MATHEMATICAL DATA
Statement of scale Scale 1 : 1,500,000.
260 ## - PUBLICATION, DISTRIBUTION, ETC. (IMPRINT)
Place of publication, distribution, etc. Nairobi :
Name of publisher, distributor, etc. Government printer,
Date of publication, distribution, etc. 2014.
300 ## - PHYSICAL DESCRIPTION
Extent 4 map :
Other physical details col.
651 #0 - SUBJECT ADDED ENTRY--GEOGRAPHIC NAME
Geographic name Kenya
General subdivision Maps.
-- 0000169584
908 ## - PUT COMMAND PARAMETER (RLIN)
Put command parameter 150415
950 ## - LOCAL HOLDINGS (RLIN)
-- 1
Holdings
Withdrawn status Lost status Source of classification or shelving scheme Not for loan Home library Current library Date acquired Total Checkouts Full call number Barcode Date last seen Price effective from Koha item type
    Library of Congress Classification Not For Loan Kabarak, Main Campus Kabarak, Main Campus 17/12/2015   G8410 .K46 2014 c. 1 018111 17/12/2015 17/12/2015 Reference
    Library of Congress Classification Not For Loan Kabarak, Main Campus Kabarak, Main Campus 17/12/2015   G8410 .K46 2014 c. 2 018112 17/12/2015 17/12/2015 Reference
    Library of Congress Classification Not For Loan Kabarak, Main Campus Kabarak, Main Campus 17/12/2015   G8410 .K46 2014 c. 3 019309 17/12/2015 17/12/2015 Reference
Designed with assistance from East African Informatics Ltd